| 000 | 00960cam a22002534a 4500 | ||
|---|---|---|---|
| 001 | 11893179 | ||
| 005 | 20180119084334.0 | ||
| 008 | 000119s2000 nyu b 000 0 eng | ||
| 010 | _a 00024911 | ||
| 020 | _a1883001994 | ||
| 040 |
_aDLC _cDLC _dDLC |
||
| 041 | _aeng | ||
| 042 | _apcc | ||
| 080 | _a371.201 tod | ||
| 082 | 0 | 0 |
_a371.201 tod _221 |
| 100 | 1 | _a46 | |
| 101 | _aedu | ||
| 245 | 1 | 0 |
_aMotivating and inspiring teachers : _cTodd Whitaker, Beth Whitaker, Dale Lumpa. |
| 246 | 1 | 4 | _aMotivating & inspiring teachers |
| 504 | _aIncludes bibliographical references (p. 237-241). | ||
| 906 |
_a7 _bcbc _corignew _d1 _eocip _f20 _gy-gencatlg |
||
| 942 |
_2ddc _cBK |
||
| 999 |
_c40610 _d40610 |
||